000 00758cam a2200277 i 4500
001 768714001
003 CO-MdFUSB
005 20240622125020.0
007 ta
008 240622t2000 -us||||| |||| 00| 0 eng d
020 _a1-57736-191-1
040 _cCO-MdFUSB
041 0 _aeng
082 0 4 _224
_a234.8
_bC7852i
100 1 _aCoppedge, Allan
_eautor
245 1 0 _aIn His Image :
_bA Workbook on scriptural holiness
_c/ Allan Coppedge, William Ury
264 1 _bProvidence Foundation,
_aFranklin, TN., USA :
_c[2000]
264 4 _c©2000
300 _a136 Pag
336 _atexto
_btxt
_2rdacontent
337 _2rdamedia
_asin mediación
_bn
338 _2rdacarrier
_avolumen
_bnc
653 _aSantificacion
942 _cBK
945 _aMiguel
999 _c34881
_d34881